| 000 | 00975nam a2200181 a 4500 | ||
|---|---|---|---|
| 001 | 000038869 | ||
| 005 | 20201002031412.0 | ||
| 008 | 130430s2012 dr abd 000 0 spa d | ||
| 020 | _a9789945468106 | ||
| 040 |
_aDO-SdBNP _bspa _cBNPHU |
||
| 245 | 0 | 0 |
_aPlan hidrológico nacional / _cFrancisco T. Rodríguez. |
| 260 |
_aSanto Domingo : _bInstituto Nacional de Aguas Potables y Alcantarilldos, (INDRHI), _c2012. |
||
| 300 |
_a495 p. : _bil., gráf., mapas ; _c26 cm. |
||
| 504 | _aBibliografía. | ||
| 505 | 0 |
_tPresentación -- _tIntroducción y atecedentes -- _tCaracterísticas de las regiones higrográficas -- _tClima -- _tDisponibilidad de agua -- _tDemanda de agua -- _tEl balance hídrico -- _tCalidad de aguas -- _tFenómenos hidrológicos extremos -- _tInfraestructura hidráulica -- _tEstrategia y objetivos de desarrollo -- |
|
| 700 | 1 |
_aRodríguez T., Francisco _965141 |
|
| 710 | 2 |
_aInstituto Nacional de Aguas Potables y Alcantarilldos, INDRHI (República Dominicana) _965142 |
|
| 999 |
_c38359 _d38359 |
||